プロ野球審判員クイズ - Statistics

General Stats
  • This quiz has been taken 30 times
  • The average score is 13 of 47
Answer Stats
番号 答え % Correct
20 白井一行
100%
3 敷田直人
70%
10 名幸一明
57%
41 山本貴則
57%
52 山本力仁
57%
11 山路哲生
48%
37 有隅昭二
43%
36 眞鍋勝已
39%
24 嶋田哲也
39%
1 秋村謙宏
39%
4 吉本文弘
35%
35 市川貴之
35%
42 村山太朗
30%
33 福家英登
30%
32 原信一朗
30%
6 須山祐多
30%
54 水口拓弥
30%
49 松本大輝
30%
55 岩下健吾
26%
39 川口亘太
26%
15 木内九二生
26%
23 深谷篤
26%
25 石山智也
26%
19 梅木謙一
26%
8 笠原昌春
22%
43 本田英志
22%
34 土山剛弘
22%
47 芦原英智
22%
18 山村裕也
22%
12 青木昴
22%
2 長井功一
17%
14 小林和公
17%
22 津川力
17%
48 野田亮介
17%
27 森口壽樹
17%
29 川上拓斗
17%
28 牧田匡平
13%
13 山口義治
13%
31 長川真也
13%
51 鈴木宏基
13%
50 古賀真之
13%
44 郡司真里
13%
17 正木雄大
13%
9 野村奏斗
9%
46 西沢一希
9%
5 笹真輔
9%
16 宮武賢汰
9%
No matching quizzes found
Score Distribution
Percent of People with Each Score
Percentile by Number Answered
Your Score History
You have not taken this quiz